Logo BPK

Biblioteka

Politechniki Koszalińskiej

Budowa makroekonomicznych scenariuszy rozwoju gospodarki polskiej na podstawie modelu KEMPO / (Rekord nr 32688)

Szczegóły MARC
000 -ETYKIETA REKORDU
podpole kontrolne o stałej długości 00776nam a2200217 i 4500
001 - NUMER KONTROLNY REKORDU
pole kontrolne bg
040 ## - ŹRÓDŁO KATALOGOWANIA
Instytucja, która utworzyła rekord BPK
041 0# - KOD JĘZYKA
Kod języka tekstu pl
Kod języka streszczenia lub abstraktu pl
080 ## - UNIWERSALNA KLASYFIKACJA DZIESIĘTNA - UKD
UKD 338.22.001.18(438):330.43:519.86
008 - POLE O STAŁEJ DŁUGOŚCI - DANE KONTROLNE
podpole kontrolne o stałej długości s pl f |000 0 pol
245 10 - TYTUŁ/ODPOWIEDZIALNOŚĆ
Tytuł Budowa makroekonomicznych scenariuszy rozwoju gospodarki polskiej na podstawie modelu KEMPO /
Pozostałe elementy strefy tytułu i oznaczenia odpowiedzialności Zbigniew Czerwiński [et al.].
260 ## - STREFA ADRESU WYDAWNICZEGO
Miejsce wydania Warszawa :
Nazwa wydawcy/dystrybutora IRiSS,
Data publikacji, dystrybucji/powstania dokumentu 1998.
300 ## - STREFA OPISU FIZYCZNEGO
Objętość 174 s. :
Inne cechy fizyczne 1 rys., wykr. ;
Rozmiary 25 cm.
490 1# - STREFA SERII I DOKUMENTU WIELOCZĘŚCIOWEGO - FORMA NIE DO WYSZUKIWANIA
Tytuł i oznaczenie odpowiedzialności serii Raporty / Instytut Rozwoju i Studiów Strategicznych,
ISSN 1230-2848 ;
Numeracja w obrębie serii 66
504 ## - UWAGA DOTYCZĄCA BIBLIOGRAFII
Informacje o bibliografii Streszcz.
650 #9 - HASŁO PRZEDMIOTOWE W FORMIE NAZWY OGÓLNEJ LUB JEDNOSTKOWEJ
Nazwa ogólna lub geograficzna Ekonometria
Określnik ogólny metody
651 #9 - HASŁO PRZEDMIOTOWE W FORMIE NAZWY GEOGRAFICZNEJ
Nazwa geograficzna Polska
Określnik ogólny gospodarka
-- prognozy
700 1# - HASŁO DODATKOWE - NAZWA OSOBOWA
Nazwa osobowa CZERWIŃSKI, Zbigniew.
830 #0 - HASŁO DODATKOWE SERII LUB DOKUMENTU WIELOCZĘŚCIOWEGO - TYTUŁ UJEDNOLICONY
Tytuł ujednolicony Raporty (Instytut Rozwoju i Studiów Strategicznych) ;
Oznaczenie tomu 66
856 ## - LOKALIZACJA I DOSTĘP DO ELEKTRONICZNYCH DOKUMENTÓW ZDALNYCH
Link (URL) http://koha.tu.koszalin.pl/cgi-bin/koha/opac-detail.pl?biblionumber=32688
Tekst linku Katalog online BPK
942 ## - DODATKOWE ELEMENTY (KOHA)
Typ dokumentu Książka
Egzemplarze
Wycofany Status egzemplarza Uszkodzony Dostępność Lokalizacja stała Lokalizacja bieżąca Miejsce przechowywania Sygnatura Kod kreskowy Dział Typ dokumentu
      Tylko na miejscu Biblioteka Politechniki Koszalińskiej Biblioteka Politechniki Koszalińskiej Czytelnia BG 41896 01293791 330.4 Ekonometria Książka
      Dostępny Biblioteka Politechniki Koszalińskiej Biblioteka Politechniki Koszalińskiej Wypożyczalnia BG 41897 01293784   Książka
© 2023 Biblioteka Politechniki Koszalińskiej :: KOHA